000 00746nam a22002057a 4500
005 20210630122441.0
008 210630b cr ||||| |||| 00| 0 spa d
020 _a9977131481
050 0 4 _aKDZ579.I5
_bR63 |997
100 1 _aRodríguez Rescia, Víctor Manuel
245 1 3 _aLa ejecución de sentencias de la Corte Interamericana de Derechos Humanos
_c/ Víctor Manuel Rodríguez Rescia
250 _a1a ed.
260 _aSan José, Costa Rica :
_bInvestigaciones Jurídicas,
_c1997
300 _a70 p. ;
_c21 cm.
504 _aIncluye bibliografía
610 2 4 _aCorte Interamericana de Derechos Humanos
650 7 _2lemb
_aEjecución (Derecho)
_zAmérica Latina
650 7 _2lemb
_aDerechos humanos
_zAmérica Latina
942 _2lcc
_cLIB
999 _c156622
_d156620